00000000nam 2200000zi 4500
0019.934218
003CaOODSP
00520250109074603
006m     o  d f      
007cr mn|||||||||
008240220s1972    onc     o    f000 0 eng d
040 |aCaOODSP|beng|erda|cCaOODSP
0410 |aeng|afre
043 |an-cn---
0861 |aC2-675/1972-PDF
24500|aBuilding Equipment, Accessories and Materials Program, BEAM = |bProgramme pour le bâtiment l'équipement, les accessoires et les matériaux, BEAM.
24611|aProgramme pour le bâtiment l'équipement, les accessoires et les matériaux, BEAM
24616|aBEAM Program = |bLe programme BEAM
264 1|aOttawa, Canada : |bDepartment of Industry, Trade and Commerce = Ministère de l'industrie et du commerce, |c1972.
300 |a1 online resource (10 pages)
336 |atext|btxt|2rdacontent
337 |acomputer|bc|2rdamedia
338 |aonline resource|bcr|2rdacarrier
500 |aTitle from cover.
500 |aDigitized edition from print [produced by Innovation, Science and Economic Development Canada].
546 |aText in English and French.
650 0|aConstruction industry|xGovernment policy|zCanada.
650 0|aConstruction equipment industry|xGovernment policy|zCanada.
650 0|aBuilding materials industry|xGovernment policy|zCanada.
7101 |aCanada. |bDepartment of Industry, Trade and Commerce, |eissuing body.
788 |tBuilding Equipment, Accessories and Materials Program, BEAM = |efre|w(CaOODSP)9.946629
85640|qPDF|s676 KB|uhttps://publications.gc.ca/collections/collection_2025/isde-ised/c2/C2-675-1972.pdf